| 000 | 00887nam a2200253Ia 4500 | ||
|---|---|---|---|
| 003 | GCL | ||
| 008 | 140319s9999 xx 000 0 ara d | ||
| 040 |
_aGCL / _cGCL |
||
| 082 | 0 | 4 |
_a320 _bس ت |
| 100 | 1 | _aسليمان محمد الطماوى | |
| 245 | 1 | 0 |
_aالتطور السياسى للمجتمع العربى / _cسليمان محمد الطماوى |
| 250 | _aالثانية | ||
| 260 |
_aالقاهرة : _bدار الفكر العربى ، _c1966 |
||
| 300 |
_a480 ص ؛ _c24 سم |
||
| 490 | _a | ||
| 650 | 0 | 4 | _aالتاريخ الاسلامى |
| 650 | 0 | 4 | _aالوحدة العربية |
| 650 | 0 | 4 | _aالقضاء فى الاسلام |
| 650 | 0 | 4 | _aالمجتمع العربى |
| 650 | 0 | 4 | _aجامعة الدول العربية |
| 650 | 0 | 4 | _aالجمهورية العربية المتحدة |
| 650 | 0 | 4 | _aالعالم العربى - تاريخ |
| 942 |
_2ddc _cBK |
||
| 999 |
_c38864 _d38864 |
||